[Event "12th Norway Chess Women"]
[Site "Stavanger NOR"]
[Date "2024.05.27"]
[Round "1.1"]
[White "Ju, Wenjun"]
[Black "Vaishali, Rameshbabu"]
[Result "1/2-1/2"]
[WhiteTitle "GM"]
[BlackTitle "GM"]
[WhiteElo "2559"]
[BlackElo "2489"]
[WhiteFideId "8603006"]
[BlackFideId "5091756"]
[EventDate "2024.05.27"]

1. d4 Nf6 2. c4 g6 3. Nc3 d5 4. cxd5 Nxd5 5. e4 Nxc3 6. bxc3 Bg7 7. Nf3 c5 8.
Bb5+ Nc6 9. O-O O-O 10. Bxc6 bxc6 11. Qc2 Qa5 12. a4 Rd8 13. Ba3 cxd4 14. cxd4
Bg4 15. Ne5 Bxe5 16. dxe5 Qxe5 17. f3 Bc8 18. Rfd1 Be6 19. Rac1 c5 20. Bxc5
Rxd1+ 21. Qxd1 Rc8 22. Bxe7 Rxc1 23. Qxc1 f5 24. exf5 Bxf5 25. Bc5 a6 26. h4 h5
27. Bf2 Qd5 28. Qf4 Kf7 29. Kh2 Ke6 30. Bg3 Qc6 31. a5 Kd5 32. Qb4 Qb5 33. Qd6+
Kc4 34. Be1 Kb3 35. Qd1+ Bc2 36. Qd6 Bf5 37. Qd2 Qe5+ 38. Bg3 Qc3 39. Qd1+ Qc2
40. Qd8 Qd3 41. Qb6+ Kc2 42. Be5 Qc4 43. Qb2+ Kd1 44. Bg3 Qc2 45. Qa1+ Qb1 46.
Qa4+ Qc2 47. Qb4 Qd2 48. Qc5 Qd3 49. Bf4 Ke2 50. Kg3 Kd1 51. Qc1+ Ke2 52. Qg1
Bd7 53. Kh2 Bf5 54. Qc1 Bd7 55. Bg3 Qd2 56. Qc5 Qd3 57. Bf4 Bf5 58. Kg3 Kd1 59.
Bg5 Ke2 60. Qc1 Qd6+ 61. Bf4 Qd3 62. Qg1 Bd7 63. Qf2+ Kd1 64. Qb2 Bf5 65. Qc1+
Ke2 66. Qc5 Kd1 67. Be3 Ke2 68. Kf4 Kf1 69. Qc1+ Ke2 70. Qb2+ Qc2 71. Qxc2+ Bxc2
72. g4 hxg4 73. fxg4 Kd3 74. Bb6 Kc4 75. Ke5 Kb5 76. Kf6 Kc6 77. Kg7 Bd1 78.
Kxg6 Bxg4 79. h5 Bxh5+ 80. Kxh5 Kb7 1/2-1/2

[Event "12th Norway Chess Women"]
[Site "Stavanger NOR"]
[Date "2024.05.27"]
[Round "1.2"]
[White "Muzychuk, Anna"]
[Black "Lei, Tingjie"]
[Result "1/2-1/2"]
[WhiteTitle "GM"]
[BlackTitle "GM"]
[WhiteElo "2505"]
[BlackElo "2548"]
[WhiteFideId "14111330"]
[BlackFideId "8605114"]
[EventDate "2024.05.27"]

1. e4 e6 2. d4 d5 3. Nd2 c5 4. Ngf3 cxd4 5. Nxd4 Nf6 6. e5 Nfd7 7. N2f3 Nc6 8.
Bf4 Be7 9. Bb5 Nxd4 10. Nxd4 a6 11. Bxd7+ Bxd7 12. Qg4 g5 13. Be3 Qc7 14. f4
O-O-O 15. O-O-O Rhg8 16. Qe2 Kb8 17. Rhf1 Bc5 18. Rf3 g4 19. Rg3 h5 20. Bf2 Rc8
21. Rc3 Qb6 22. Be3 Ba4 23. Qf2 Ka8 24. Kb1 Qa5 25. Rdd3 Bb4 26. Rxc8+ Rxc8 27.
Bd2 Qb6 28. Be3 Qa5 29. Bd2 Qb6 30. Be3 Qa5 1/2-1/2

[Event "12th Norway Chess Women"]
[Site "Stavanger NOR"]
[Date "2024.05.27"]
[Round "1.3"]
[White "Cramling, Pia"]
[Black "Koneru, Humpy"]
[Result "1/2-1/2"]
[WhiteTitle "GM"]
[BlackTitle "GM"]
[WhiteElo "2449"]
[BlackElo "2545"]
[WhiteFideId "1700030"]
[BlackFideId "5008123"]
[EventDate "2024.05.27"]

1. d4 Nf6 2. c4 e6 3. Nc3 Bb4 4. e3 Nc6 5. Bd3 Bxc3+ 6. bxc3 e5 7. Ne2 e4 8. Bc2
d6 9. Ng3 Qe7 10. f3 exf3 11. Qxf3 Bg4 12. Qf4 Qe6 13. Bd3 Nh5 14. Nxh5 Bxh5 15.
O-O Qg4 16. Rb1 Qxf4 17. exf4 O-O-O 18. Rb5 Bg6 19. f5 a6 20. Rd5 Bh5 21. f6 Bg6
22. Bxg6 fxg6 23. fxg7 Rhg8 24. Bh6 Ne7 25. Ra5 b6 26. Rxa6 Kb7 27. Ra3 Nf5 28.
Bg5 Rde8 29. c5 dxc5 30. dxc5 Rxg7 31. cxb6 cxb6 32. Rb3 h6 33. Bf4 h5 34. Rb2
Re4 35. Rb4 Rge7 36. Rxe4 Rxe4 37. h3 1/2-1/2

[Event "12th Norway Chess Women"]
[Site "Stavanger NOR"]
[Date "2024.05.28"]
[Round "2.1"]
[White "Vaishali, Rameshbabu"]
[Black "Koneru, Humpy"]
[Result "1-0"]
[WhiteTitle "GM"]
[BlackTitle "GM"]
[WhiteElo "2489"]
[BlackElo "2545"]
[WhiteFideId "5091756"]
[BlackFideId "5008123"]
[EventDate "2024.05.27"]

1. e4 e5 2. Nf3 Nc6 3. Bc4 Bc5 4. Nc3 Nf6 5. d3 h6 6. h3 d6 7. Na4 Bb6 8. a3 Ne7
9. Nxb6 axb6 10. Be3 Ng6 11. Nd2 O-O 12. h4 d5 13. exd5 Nxd5 14. h5 Nge7 15. g4
b5 16. Bb3 Be6 17. Rg1 Nxe3 18. fxe3 Bxb3 19. Nxb3 Nd5 20. Qf3 b4 21. a4 Ra6 22.
Qe4 Qh4+ 23. Ke2 Rf6 24. Rg2 Rd8 25. Rag1 Rc6 26. Kd2 Qg5 27. Re2 Qe7 28. Kc1
Nf6 29. Qf5 Nh7 30. Rd1 Ng5 31. d4 e4 32. a5 Rf6 33. Qb5 c6 34. Qc5 Qe6 35. Rg2
Rd5 36. Qxb4 Rb5 37. Qc3 Nf3 38. Kb1 Qd5 39. Nc5 Ng5 40. b3 Rf3 41. Kb2 b6 42.
axb6 Rxb6 43. Ra1 Rb8 44. Ra7 Rf1 45. Rd7 1-0

[Event "12th Norway Chess Women"]
[Site "Stavanger NOR"]
[Date "2024.05.28"]
[Round "2.2"]
[White "Lei, Tingjie"]
[Black "Cramling, Pia"]
[Result "1/2-1/2"]
[WhiteTitle "GM"]
[BlackTitle "GM"]
[WhiteElo "2548"]
[BlackElo "2449"]
[WhiteFideId "8605114"]
[BlackFideId "1700030"]
[EventDate "2024.05.27"]

1. e4 c5 2. Nf3 Nc6 3. d4 cxd4 4. Nxd4 Nf6 5. Nc3 e5 6. Ndb5 d6 7. Nd5 Nxd5 8.
exd5 Nb8 9. a4 Be7 10. Be2 O-O 11. O-O Nd7 12. Be3 a6 13. Na3 f5 14. f3 f4 15.
Bf2 Rf6 16. Nc4 Rh6 17. g4 fxg3 18. hxg3 Nf8 19. Ne3 Qe8 20. Ng4 Bxg4 21. fxg4
Bg5 22. Kg2 Nd7 23. a5 Rf6 24. c4 Qe7 25. Qc2 e4 26. Bd4 Rxf1 27. Rxf1 Rc8 28.
b4 h6 29. Rf5 e3 30. c5 Bf6 31. Bxf6 Nxf6 32. c6 bxc6 33. dxc6 d5 34. Bxa6 Rxc6
35. Qxc6 e2 36. Qc8+ Kh7 37. Rf1 Qe4+ 38. Kg1 e1=Q 39. Rxe1 Qxe1+ 40. Kg2 Qe4+
41. Kg1 Qe1+ 42. Kg2 Qe4+ 43. Kg1 1/2-1/2

[Event "12th Norway Chess Women"]
[Site "Stavanger NOR"]
[Date "2024.05.28"]
[Round "2.3"]
[White "Ju, Wenjun"]
[Black "Muzychuk, Anna"]
[Result "1/2-1/2"]
[WhiteTitle "GM"]
[BlackTitle "GM"]
[WhiteElo "2559"]
[BlackElo "2505"]
[WhiteFideId "8603006"]
[BlackFideId "14111330"]
[EventDate "2024.05.27"]

1. e4 e5 2. Bc4 Nf6 3. d3 Nc6 4. Nc3 Bb4 5. Ne2 d5 6. exd5 Nxd5 7. O-O Be6 8.
Nxd5 Bxd5 9. Bxd5 Qxd5 10. Ng3 g6 11. f4 exf4 12. Bxf4 O-O-O 13. c3 Bd6 14. Bxd6
Rxd6 15. d4 Re8 16. Qf3 Qxf3 17. gxf3 f5 18. Rfe1 Rxe1+ 19. Rxe1 Kd7 20. Ne2 Nd8
21. Nf4 b6 22. Nd3 c5 23. Ne5+ Kc7 24. dxc5 bxc5 25. Nc4 Re6 26. Rd1 Re2 27. Rd2
Rxd2 28. Nxd2 Ne6 29. Kf2 Nf4 30. Ke3 Ng2+ 31. Kf2 Nf4 32. Ke3 Ng2+ 33. Kf2 1/2-1/2

[Event "12th Norway Chess Women"]
[Site "Stavanger NOR"]
[Date "2024.05.29"]
[Round "3.1"]
[White "Muzychuk, Anna"]
[Black "Vaishali, Rameshbabu"]
[Result "1/2-1/2"]
[WhiteTitle "GM"]
[BlackTitle "GM"]
[WhiteElo "2505"]
[BlackElo "2489"]
[WhiteFideId "14111330"]
[BlackFideId "5091756"]
[EventDate "2024.05.27"]

1. e4 e5 2. Nf3 Nc6 3. Bb5 a6 4. Ba4 Nf6 5. O-O Bc5 6. c3 O-O 7. d4 Ba7 8. Bg5
exd4 9. e5 h6 10. Bxf6 gxf6 11. Qd2 Kg7 12. cxd4 fxe5 13. dxe5 d6 14. Bxc6 bxc6
15. Rd1 Bg4 16. Qc3 Bxf3 17. exd6+ Qf6 18. gxf3 Rfd8 19. d7 Rab8 20. b3 Rb5 21.
Qxf6+ Kxf6 22. Nc3 Re5 23. Rd2 Ke7 24. Rad1 Rg8+ 25. Kf1 Kd8 26. Ne4 Rg6 27. Ng3
Rf6 28. Re2 Rd5 29. Rxd5 cxd5 30. Re5 Rxf3 31. Rf5 Rxf5 32. Nxf5 Kxd7 33. Nxh6
Ke6 34. Ng4 Kf5 35. f3 Kf4 36. Ke2 Bd4 37. Nh6 f5 38. Ng8 Bg7 39. Ne7 Ke5 40.
Kd3 c5 41. Ng6+ Kd6 42. h4 Bh6 43. f4 Ke6 44. h5 Kd6 45. Ke3 Bg7 46. Nh4 Ke6 47.
Kd3 Bh6 48. Ng6 Bg7 49. Nh4 Bh6 50. Ng6 1/2-1/2

[Event "12th Norway Chess Women"]
[Site "Stavanger NOR"]
[Date "2024.05.29"]
[Round "3.2"]
[White "Cramling, Pia"]
[Black "Ju, Wenjun"]
[Result "1/2-1/2"]
[WhiteTitle "GM"]
[BlackTitle "GM"]
[WhiteElo "2449"]
[BlackElo "2559"]
[WhiteFideId "1700030"]
[BlackFideId "8603006"]
[EventDate "2024.05.27"]

1. d4 Nf6 2. c4 e6 3. Nc3 d5 4. Bg5 Be7 5. e3 O-O 6. Nf3 h6 7. Bxf6 Bxf6 8. Rc1
c6 9. Bd3 dxc4 10. Bxc4 Nd7 11. O-O e5 12. Ne4 exd4 13. Nxf6+ Nxf6 14. Qxd4 Bg4
15. Qxd8 Raxd8 16. Nd4 c5 17. Nb3 b6 18. f3 Be6 19. Bxe6 fxe6 20. Rfd1 Nd5 21.
Kf2 Nb4 22. Rxd8 Rxd8 23. Ke2 Nxa2 24. Ra1 Nb4 25. Rxa7 Nd3 26. Ra6 Rd6 27. Nd2
Nxb2 28. Ra2 Nd3 29. Ra8+ Kh7 30. Nc4 Nc1+ 31. Kf2 Rd3 32. Nxb6 Rd2+ 33. Kg3
Ne2+ 34. Kh3 h5 35. Ra1 g5 36. Re1 Rc2 37. Nc4 g4+ 38. fxg4 hxg4+ 39. Kh4 g3 40.
Kh3 gxh2 41. Kxh2 Kg6 42. Nd6 Nc1 43. Rf1 Nd3 44. Ne4 e5 45. Rf6+ Kg7 46. Rc6 c4
47. Kh3 Nb2 48. Nd6 Nd1 49. Rxc4 Nxe3 50. Rxc2 Nxc2 51. Kg3 1/2-1/2

[Event "12th Norway Chess Women"]
[Site "Stavanger NOR"]
[Date "2024.05.29"]
[Round "3.3"]
[White "Koneru, Humpy"]
[Black "Lei, Tingjie"]
[Result "1/2-1/2"]
[WhiteTitle "GM"]
[BlackTitle "GM"]
[WhiteElo "2545"]
[BlackElo "2548"]
[WhiteFideId "5008123"]
[BlackFideId "8605114"]
[EventDate "2024.05.27"]

1. d4 d5 2. c4 e6 3. Nc3 c5 4. cxd5 exd5 5. Nf3 Nc6 6. dxc5 d4 7. Na4 Bxc5 8.
Nxc5 Qa5+ 9. Bd2 Qxc5 10. Rc1 Qb6 11. e3 Nf6 12. Bc4 dxe3 13. Bxe3 Qb4+ 14. Kf1
Be6 15. Qe2 Rd8 16. Bxe6 fxe6 17. Bc5 Qe4 18. Qxe4 Nxe4 19. Be3 Nf6 20. Ke2 O-O
21. Rhd1 Rxd1 22. Rxd1 h6 23. Rd6 Kf7 24. Nd4 Nxd4+ 25. Bxd4 b6 26. Bxf6 Kxf6
27. Rd7 Rc8 28. Kd3 a5 29. a4 Rc5 30. Rb7 Rd5+ 31. Ke3 Re5+ 32. Kf3 Rf5+ 33. Kg3
Rg5+ 34. Kf3 Rf5+ 35. Kg3 Rg5+ 36. Kf3 1/2-1/2

[Event "12th Norway Chess Women"]
[Site "Stavanger NOR"]
[Date "2024.05.30"]
[Round "4.1"]
[White "Cramling, Pia"]
[Black "Vaishali, Rameshbabu"]
[Result "0-1"]
[WhiteTitle "GM"]
[BlackTitle "GM"]
[WhiteElo "2449"]
[BlackElo "2489"]
[WhiteFideId "1700030"]
[BlackFideId "5091756"]
[EventDate "2024.05.27"]

1. d4 Nf6 2. c4 g6 3. Nc3 d5 4. Nf3 Bg7 5. cxd5 Nxd5 6. e4 Nxc3 7. bxc3 c5 8.
Be3 Bg4 9. Bb5+ Nc6 10. O-O O-O 11. Bxc6 bxc6 12. Qa4 cxd4 13. cxd4 c5 14. Rad1
Bxf3 15. gxf3 cxd4 16. Bxd4 Bxd4 17. Rxd4 Qb6 18. Rfd1 Qf6 19. Qa3 Rfc8 20. Qe3
Kg7 21. Kg2 Rc2 22. R1d2 Rxd2 23. Rxd2 Rc8 24. Qd4 Rc3 25. Qxf6+ Kxf6 26. f4 Ra3
27. h4 Ke6 28. f3 f5 29. exf5+ Kxf5 30. Kg3 a5 31. Re2 Kf6 32. Kg4 e6 33. Rc2
Ra4 34. Kg3 h6 35. Re2 h5 36. Rc2 Ra3 37. Re2 Ke7 38. Rc2 a4 39. Rd2 Rc3 40. Rd4
a3 41. Ra4 Kd6 42. Ra5 Rd3 43. Rg5 Rd1 44. Ra5 Rd3 45. Rg5 Rd2 46. Rxg6 Rxa2 47.
f5 Re2 48. fxe6 Rxe6 49. Rg5 Re5 50. Rg6+ Kc5 51. Kf4 Rd5 52. Ra6 Kb4 53. Ke4
Ra5 54. Rb6+ Kc3 0-1

[Event "12th Norway Chess Women"]
[Site "Stavanger NOR"]
[Date "2024.05.30"]
[Round "4.2"]
[White "Koneru, Humpy"]
[Black "Muzychuk, Anna"]
[Result "0-1"]
[WhiteTitle "GM"]
[BlackTitle "GM"]
[WhiteElo "2545"]
[BlackElo "2505"]
[WhiteFideId "5008123"]
[BlackFideId "14111330"]
[EventDate "2024.05.27"]

1. c4 e6 2. d4 d5 3. cxd5 exd5 4. Nf3 c6 5. Nc3 Bf5 6. h3 Bd6 7. Bg5 Ne7 8. Bxe7
Qxe7 9. e3 O-O 10. Bd3 Bxd3 11. Qxd3 Nd7 12. Nd2 f5 13. O-O-O a5 14. g4 Bb4 15.
Ne2 Bxd2+ 16. Kxd2 Nb6 17. gxf5 Nc4+ 18. Kc1 Ra6 19. Kc2 Qb4 20. Qc3 Rxf5 21.
Nf4 Qf8 22. Rhg1 Rb6 23. b3 Na3+ 24. Kd2 Qb4 25. Nd3 Qxc3+ 26. Kxc3 Nb5+ 27. Kd2
Nd6 28. Ke2 a4 29. b4 Ra6 30. Rg4 Ra8 31. Rdg1 Rf7 32. Ne5 Re7 33. Kd3 Rf8 34.
f3 Rf5 35. Rg5 Rxg5 36. Rxg5 Nf7 37. Nxf7 Rxf7 38. Ke2 Re7 39. a3 Kf7 40. Kd3
Kf6 41. h4 h6 42. Rg1 g5 43. hxg5+ hxg5 44. Rh1 Kg6 45. e4 dxe4+ 46. fxe4 g4 47.
Ke3 Rf7 48. e5 Rf3+ 49. Ke4 Rxa3 50. Rf1 Ra2 51. Ke3 g3 52. e6 g2 53. Re1 Kf6
54. Kd3 Ke7 55. Kc3 Rf2 0-1

[Event "12th Norway Chess Women"]
[Site "Stavanger NOR"]
[Date "2024.05.30"]
[Round "4.3"]
[White "Lei, Tingjie"]
[Black "Ju, Wenjun"]
[Result "1/2-1/2"]
[WhiteTitle "GM"]
[BlackTitle "GM"]
[WhiteElo "2548"]
[BlackElo "2559"]
[WhiteFideId "8605114"]
[BlackFideId "8603006"]
[EventDate "2024.05.27"]

1. d4 Nf6 2. c4 e6 3. Nc3 d5 4. cxd5 exd5 5. Bg5 Be7 6. e3 O-O 7. Bd3 h6 8. Bh4
Re8 9. Nge2 c6 10. O-O Nh5 11. Bxe7 Qxe7 12. Qc2 Nd7 13. Rab1 Nb6 14. b4 Bd7 15.
a4 Nc8 16. b5 Nd6 17. bxc6 Bxc6 18. Qa2 Qg5 19. Kh1 Nf6 20. Nf4 h5 21. Nb5 Red8
22. Rbc1 h4 23. Nc7 Rac8 24. Nb5 Ra8 25. Nc7 Rac8 26. Nb5 Ra8 1/2-1/2

[Event "12th Norway Chess Women"]
[Site "Stavanger NOR"]
[Date "2024.06.01"]
[Round "5.1"]
[White "Vaishali, Rameshbabu"]
[Black "Lei, Tingjie"]
[Result "1/2-1/2"]
[WhiteTitle "GM"]
[BlackTitle "GM"]
[WhiteElo "2489"]
[BlackElo "2548"]
[WhiteFideId "5091756"]
[BlackFideId "8605114"]
[EventDate "2024.05.27"]

1. e4 e5 2. Nf3 Nc6 3. Nc3 Nf6 4. Bb5 Bd6 5. d3 Nd4 6. Nxd4 exd4 7. Ne2 c6 8.
Ba4 Bc7 9. O-O d5 10. Bf4 O-O 11. exd5 Nxd5 12. Bxc7 Qxc7 13. Bb3 Bg4 14. Bxd5
cxd5 15. f3 Bd7 16. Nxd4 Qb6 17. c3 Qxb2 18. Qb3 Qxb3 19. axb3 Rfc8 20. Rfc1 a5
21. Kf2 Kf8 22. Ke3 Ke7 23. Ne2 Kd6 24. Kd4 Re8 25. Nf4 Bc6 26. h4 b5 27. Ra2 a4
28. bxa4 bxa4 29. c4 dxc4 30. dxc4 h6 31. Nd3 f6 32. Nb4 Re5 33. Rca1 Rd8 34.
Kc3 Kc7 35. Nxc6 Re3+ 36. Kc2 Re2+ 37. Kc3 Re3+ 38. Kc2 Re2+ 39. Kc3 1/2-1/2

[Event "12th Norway Chess Women"]
[Site "Stavanger NOR"]
[Date "2024.06.01"]
[Round "5.2"]
[White "Ju, Wenjun"]
[Black "Koneru, Humpy"]
[Result "1/2-1/2"]
[WhiteTitle "GM"]
[BlackTitle "GM"]
[WhiteElo "2559"]
[BlackElo "2545"]
[WhiteFideId "8603006"]
[BlackFideId "5008123"]
[EventDate "2024.05.27"]

1. d4 d5 2. c4 dxc4 3. Nf3 Nf6 4. e3 e6 5. Bxc4 c5 6. O-O a6 7. Nbd2 cxd4 8.
Nxd4 Bc5 9. N2b3 Bd6 10. Nf3 O-O 11. Qe2 Nc6 12. Bd2 Qe7 13. Rac1 Bd7 14. Rfd1
Rfd8 15. Na5 Be8 16. Nxc6 Bxc6 17. Ba5 Rdc8 18. Bd3 h6 19. h3 Bb4 20. Bxb4 Qxb4
21. Ne5 Be4 22. a3 Bxd3 23. Nxd3 Qb5 24. Nf4 Qxe2 25. Nxe2 Kf8 26. f3 Ke7 27.
Kf2 Nd7 28. b3 Ne5 29. f4 Rxc1 30. Nxc1 Nc6 31. Nd3 Rd8 1/2-1/2

[Event "12th Norway Chess Women"]
[Site "Stavanger NOR"]
[Date "2024.06.01"]
[Round "5.3"]
[White "Muzychuk, Anna"]
[Black "Cramling, Pia"]
[Result "1-0"]
[WhiteTitle "GM"]
[BlackTitle "GM"]
[WhiteElo "2505"]
[BlackElo "2449"]
[WhiteFideId "14111330"]
[BlackFideId "1700030"]
[EventDate "2024.05.27"]

1. e4 c5 2. Nf3 Nc6 3. Bb5 e6 4. O-O Nge7 5. d4 cxd4 6. Nxd4 Ng6 7. Be3 Be7 8.
c3 O-O 9. Re1 a6 10. Bf1 b5 11. Nxc6 dxc6 12. Qxd8 Rxd8 13. Nd2 e5 14. Nb3 Nf8
15. a4 Rb8 16. axb5 cxb5 17. Ba7 Ra8 18. Bb6 Rd7 19. Nc5 Bxc5 20. Bxc5 Bb7 21.
f3 Ne6 22. Be3 Kf8 23. c4 bxc4 24. Rec1 Rc8 25. Rxc4 Rxc4 26. Bxc4 Rd6 27. Ra5
f6 28. Ra4 Ke8 29. Rb4 Nd8 30. Kf2 Kd7 31. Bg8 h6 32. Kg3 Rd3 33. Bc5 a5 34. Rb5
Bc6 35. Rxa5 Nb7 36. Ra7 Kc7 37. Bc4 Rd2 38. Bf8 g5 39. Bxh6 Rxb2 40. Bg7 g4 41.
Bxf6 Kd6 42. Ra6 gxf3 43. gxf3 Nc5 44. Bxe5+ Kxe5 45. Rxc6 Nxe4+ 46. fxe4 Kxe4
47. h4 Rb7 48. Rc5 Kd4 49. Rc6 Ke5 50. Kg4 Rg7+ 51. Kh5 Rg3 52. Kh6 1-0

[Event "12th Norway Chess Women"]
[Site "Stavanger NOR"]
[Date "2024.06.02"]
[Round "6.1"]
[White "Vaishali, Rameshbabu"]
[Black "Ju, Wenjun"]
[Result "0-1"]
[WhiteTitle "GM"]
[BlackTitle "GM"]
[WhiteElo "2489"]
[BlackElo "2559"]
[WhiteFideId "5091756"]
[BlackFideId "8603006"]
[EventDate "2024.05.27"]

1. e4 c5 2. c3 Nf6 3. e5 Nd5 4. Bc4 Nb6 5. Bb3 Nc6 6. d4 cxd4 7. cxd4 d5 8. Bc2
Nb4 9. Nc3 Nxc2+ 10. Qxc2 Bd7 11. Nge2 e6 12. Qd3 f5 13. h4 Na4 14. h5 Nxc3 15.
Nxc3 Be7 16. a4 O-O 17. b3 Rc8 18. Bd2 a6 19. Rh3 Rc6 20. Rb1 f4 21. Ne2 Bg5 22.
Ng1 Be8 23. Nf3 Bh6 24. g4 g5 25. Kf1 Rf7 26. Kg2 Bf8 27. Rhh1 Rfc7 28. Ba5 b6
29. Bd2 a5 30. Rhc1 Rxc1 31. Rxc1 Rxc1 32. Bxc1 Be7 33. Bd2 Qc8 34. Ne1 Kg7 35.
f3 Bd7 36. Kf2 Qc7 37. Ke2 b5 38. axb5 Qb6 39. Kd1 Bxb5 40. Qc3 a4 41. bxa4
Bxa4+ 42. Ke2 Bb5+ 43. Kf2 Bc4 44. Nc2 Qb1 45. Be1 Qa2 46. Kg1 Kf7 47. Qd2 Qb3
48. Kg2 Qb1 49. Nb4 Qb3 50. Nc6 Ba3 51. Na5 Qb2 52. Kg1 Bb5 53. Kf2 Qxd2+ 54.
Bxd2 Bb2 55. Nb3 Ba3 56. Bc1 Bb4 57. Bd2 Be7 58. Ba5 Ba3 59. Ke1 Bc4 60. Nd2 Ba2
61. Kd1 Ke7 62. Kc2 Kd7 63. Bb6 Be7 64. Kb2 Bc4 65. Kc3 Be2 66. Ba5 Kc6 67. Bb4
Bd8 68. Kb3 Kb5 69. Bc3 Bd1+ 70. Ka3 Be7+ 71. Kb2 Ka4 72. Kc1 Bb3 73. Nb1 Bc4
74. Kd2 Kb3 75. Ba5 Ba6 76. Nc3 Kc4 77. Ne2 Bb5 78. Bc3 Bd8 79. Kc2 Bc6 80. Kd2
Ba4 81. Nc1 Be7 82. Nd3 Bd7 83. Nb2+ Kb5 84. Kd3 Bc8 85. Kd2 Ba6 86. Kd3 Kc6+
87. Kd2 Bf1 88. Ke1 Bc4 89. Kd2 Kb5 90. Nd3 Ba3 91. Kc2 Be7 92. Kd2 Bb3 93. Nb2
Ba3 94. Nd3 Bc4 95. Nb2 Bf1 96. Ke1 Bc4 97. Kd2 Bb4 98. Nd1 h6 99. Nb2 Bxc3+
100. Kxc3 Be2 101. Nd3 Bxd3 102. Kxd3 Kb4 0-1

[Event "12th Norway Chess Women"]
[Site "Stavanger NOR"]
[Date "2024.06.02"]
[Round "6.2"]
[White "Lei, Tingjie"]
[Black "Muzychuk, Anna"]
[Result "1/2-1/2"]
[WhiteTitle "GM"]
[BlackTitle "GM"]
[WhiteElo "2548"]
[BlackElo "2505"]
[WhiteFideId "8605114"]
[BlackFideId "14111330"]
[EventDate "2024.05.27"]

1. c4 c5 2. Nf3 Nf6 3. Nc3 Nc6 4. d4 cxd4 5. Nxd4 e6 6. g3 Qb6 7. e3 d5 8. cxd5
exd5 9. Bg2 Bb4 10. O-O O-O 11. Qd3 Rd8 12. Bd2 Nxd4 13. exd4 Bxc3 14. bxc3 Ne4
15. Bxe4 dxe4 16. Qxe4 Be6 17. Rab1 Qa6 18. Rb2 Bd5 19. Qg4 Qc6 20. a4 b6 21. c4
Bxc4 22. Rc1 Qe6 23. Qxe6 Bxe6 24. Be3 Rac8 25. Rxc8 Rxc8 26. a5 bxa5 27. Rb5 a4
28. Ra5 Rb8 29. Kg2 Bb3 30. Kf3 Rb7 31. Ke4 Re7+ 32. Kd3 f6 33. h4 Kf7 34. Bf4
Ke6 1/2-1/2

[Event "12th Norway Chess Women"]
[Site "Stavanger NOR"]
[Date "2024.06.02"]
[Round "6.3"]
[White "Koneru, Humpy"]
[Black "Cramling, Pia"]
[Result "1/2-1/2"]
[WhiteTitle "GM"]
[BlackTitle "GM"]
[WhiteElo "2545"]
[BlackElo "2449"]
[WhiteFideId "5008123"]
[BlackFideId "1700030"]
[EventDate "2024.05.27"]

1. d4 Nf6 2. c4 e6 3. Nc3 Bb4 4. e3 O-O 5. a3 Bxc3+ 6. bxc3 c5 7. Bd3 Nc6 8. Rb1
b6 9. e4 Ne8 10. Nf3 d6 11. Bg5 f6 12. Be3 e5 13. h3 cxd4 14. cxd4 Nc7 15. O-O
Qe7 16. Qc2 exd4 17. Nxd4 Nxd4 18. Bxd4 Ne6 19. Be3 Nc5 20. Bxc5 dxc5 21. a4 Be6
22. a5 Rab8 23. axb6 axb6 24. e5 g6 25. Rb3 Bf7 26. Re1 fxe5 27. Qb2 Qd6 28.
Qxe5 Rfd8 29. Qxd6 Rxd6 30. Bf1 Rbd8 31. Rbb1 Rf6 32. Rb2 Rd4 33. Reb1 g5 34. f3
Rdd6 35. Kf2 Kg7 36. Kg3 h6 37. h4 Bg6 1/2-1/2

[Event "12th Norway Chess Women"]
[Site "Stavanger NOR"]
[Date "2024.06.03"]
[Round "7.1"]
[White "Koneru, Humpy"]
[Black "Vaishali, Rameshbabu"]
[Result "1-0"]
[WhiteTitle "GM"]
[BlackTitle "GM"]
[WhiteElo "2545"]
[BlackElo "2489"]
[WhiteFideId "5008123"]
[BlackFideId "5091756"]
[EventDate "2024.05.27"]

1. d4 Nf6 2. c4 g6 3. g3 d5 4. cxd5 c6 5. Bg2 cxd5 6. Nc3 Bg7 7. Nf3 O-O 8. Ne5
Bf5 9. O-O Ne4 10. Nxe4 dxe4 11. Bf4 Nd7 12. Rc1 Nxe5 13. dxe5 Qb6 14. Qa4 Rfd8
15. Bxe4 Rd4 16. Rc4 Rxc4 17. Qxc4 Rc8 18. Qa4 Bxe4 19. Qxe4 Qxb2 20. a4 a5 21.
Rb1 Rc4 22. Qd3 Qd4 23. Rxb7 Bxe5 24. Bxe5 Rc1+ 25. Kg2 Qxe5 26. Qd8+ Kg7 27.
Rxe7 Qf6 28. Qd7 h5 29. Re4 Qa1 30. Rf4 Rg1+ 31. Kh3 Qa2 32. Qd4+ Kh7 33. Qf6
Qxe2 34. Qxf7+ Kh6 35. Qf8+ Kg5 36. Rf5+ 1-0

[Event "12th Norway Chess Women"]
[Site "Stavanger NOR"]
[Date "2024.06.03"]
[Round "7.2"]
[White "Cramling, Pia"]
[Black "Lei, Tingjie"]
[Result "1/2-1/2"]
[WhiteTitle "GM"]
[BlackTitle "GM"]
[WhiteElo "2449"]
[BlackElo "2548"]
[WhiteFideId "1700030"]
[BlackFideId "8605114"]
[EventDate "2024.05.27"]

1. d4 d5 2. c4 c6 3. cxd5 cxd5 4. Bf4 Nc6 5. e3 Nf6 6. Bb5 e6 7. Nc3 Bd6 8. Bxd6
Qxd6 9. Nf3 O-O 10. O-O Bd7 11. Rc1 Rac8 12. Qe2 Rfd8 13. Rfd1 Be8 14. Bd3 a6
15. h3 Rc7 16. Qe1 Rdc8 17. Ne2 g6 18. a3 Kg7 19. Rc3 Nd7 20. Rdc1 Nb6 21. R3c2
f6 22. Rd1 Bf7 23. e4 dxe4 24. Bxe4 Ne7 25. Rxc7 Rxc7 26. Rc1 Ned5 27. Rxc7 Qxc7
28. Qa5 Nc4 29. Qxc7 Nxc7 30. Bxb7 Nxb2 31. Nd2 Be8 32. Nc3 Nb5 33. Nxb5 Bxb5
34. f3 Kf7 35. Ne4 Nc4 36. a4 Bxa4 37. Bxa6 Ne3 38. Nc3 Bc6 39. Bd3 h6 40. Kf2
Nd5 41. Nxd5 Bxd5 42. h4 g5 43. g3 Ke7 44. hxg5 fxg5 45. Ke3 Kf6 46. f4 h5 47.
fxg5+ Kxg5 48. Be2 1/2-1/2

[Event "12th Norway Chess Women"]
[Site "Stavanger NOR"]
[Date "2024.06.03"]
[Round "7.3"]
[White "Muzychuk, Anna"]
[Black "Ju, Wenjun"]
[Result "1/2-1/2"]
[WhiteTitle "GM"]
[BlackTitle "GM"]
[WhiteElo "2505"]
[BlackElo "2559"]
[WhiteFideId "14111330"]
[BlackFideId "8603006"]
[EventDate "2024.05.27"]

1. e4 e5 2. Nf3 Nc6 3. Bb5 Nf6 4. O-O Nxe4 5. Re1 Nd6 6. Nxe5 Be7 7. Bf1 Nxe5 8.
Rxe5 O-O 9. d4 Bf6 10. Re1 Re8 11. c3 Rxe1 12. Qxe1 Qe7 13. Qxe7 Bxe7 14. a4 Ne8
15. a5 c6 16. Bf4 g5 17. Be3 d5 18. Nd2 Nd6 19. Nb3 Bf5 20. h3 h5 21. f3 h4 22.
Nc5 Re8 23. Re1 Bd8 24. b4 b6 25. axb6 axb6 26. Nd3 f6 27. Bf2 Rxe1 28. Bxe1 Bc7
29. g4 hxg3 30. Bxg3 Kf7 31. h4 gxh4 32. Bxh4 Nc4 33. Be1 Kg6 34. Nf2 Bf4 35.
Bxc4 dxc4 36. Ne4 Be6 37. Bg3 Bc1 38. Kf1 f5 39. Nf2 Bd2 40. Nd1 Bd5 41. Ke2 Bh6
42. Bc7 b5 43. Ne3 Bxe3 1/2-1/2